| 000 | 00732nam a2200265 4500 | ||
|---|---|---|---|
| 001 | 10740 | ||
| 003 | ES-MaACL | ||
| 005 | 20240607062951.0 | ||
| 007 | t| | ||
| 008 | 000000s1985 sp ||||0| spa j | ||
| 016 | 7 | _zIBH8505918522 | |
| 020 | _a8485563328 | ||
| 040 |
_aIBH _bspa _cM-BN-DP |
||
| 080 | _a860-14"19" | ||
| 100 | 1 |
_aLuis, Leopoldo de, _d1918-2005 _974682 |
|
| 245 | 1 | 0 |
_aDel temor y de la miseria / _cLeopoldo de Luis. |
| 250 | _a[1ª ed.]. | ||
| 260 |
_aMadrid : _bOrígenes, _c1985. |
||
| 300 |
_a135 p ; _c21 cm. |
||
| 490 | 1 | _alira de Licario | |
| 830 | 0 |
_aColección La lira de Licario _9228175 |
|
| 852 |
_aES-MaACL _jL-18097 _bR.122882 _911035 |
||
| 942 | _2udc | ||
| 999 |
_c10740 _d10740 |
||